01535nam a2200385 a 4500001001200000003000800012006001900020007001500039008004100054010001700095020004300112020003800155020002700193040002100220035002100241043001200262050002700274082001500301100003900316245009900355260006000454300001900514490003900533504004100572533015200613650004000765650006200805655002900867700002400896700002700920710001700947830004000964856012601004999001901130ebr10495332CaPaEBRm u cr cn|||||||||080211s2008 kyu sb 000 1 eng d z 2008006154 z9780813124902 (hardcover : alk. paper) z9780813191904 (pbk. : alk. paper) z9780813129273 (e-book) aCaPaEBRcCaPaEBR a(OCoLC)753970233 ae-uk-en14aPR3541.L27bH46 2008eb04a823/.62221 aLennox, Charlotte,dca. 1729-1804.10aHenriettah[electronic resource] /cCharlotte Lennox ; edited by Ruth Perry and Susan Carlile. aLexington, Ky. :bUniversity Press of Kentucky,cc2008. axxxvii, 290 p.1 aEighteenth-century novels by women aIncludes bibliographical references. aElectronic reproduction.bPalo Alto, Calif. :cebrary,d2013.nAvailable via World Wide Web.nAccess may be limited to ebrary affiliated libraries. 0aWomen household employeesvFiction. 0aWomenzEnglandxSocial conditionsy18th centuryvFiction. 7aElectronic books.2local1 aPerry, Ruth,d1943-1 aCarlile, Susan,d1967-2 aebrary, Inc. 0aEighteenth-century novels by women.40uhttp://site.ebrary.com/lib/rucke/Doc?id=10495332zAn electronic book accessible through the World Wide Web; click to view c241066d241066